Responses for Show #631 - Monday, May 11, 1987

1987 Senior Tournament quarterfinal game 1.
Inaugural Senior Tournament game.

Contestants

[<< previous game]

Dorothy McClellan, an airline employee from Minneapolis, Minnesota

Joe Dobkins, a manufacturer's representative from Oceanside, New York

Irene Grzywacz, a teacher originally from Connecticut

[next game >>]

Jeopardy! Round responses

MAMMALS
ANCIENT ROME
FINE CHINA
LUNCH COUNTER LINGO
RELIGION
NOISEMAKERS
    $100 9
chinchillas

Dorothy
    $100 1
Julius Caesar

Irene
    $100 6
Japan

Irene
    $100 10
spaghetti

Irene
    $100 19
women

Joe
    $100 4
megaphone

Joe
    $200 11
extinct

Irene
    $200 2
ate them

Irene
    $200 22
(Alex: We've got a minute to go in the round.)

red

Irene
    $200 15
pepper

Dorothy
    $200 20
children

Irene
    $200 5
castanets

Dorothy
    $300 12
body temperature

Irene
    $300 3
Greek

Joe
    $300 25
George III

Dorothy
    $300 16
onions

Joe
    $300 21
Salvation Army

Dorothy
    $400 13
laying eggs

Triple Stumper
    $400 7
(Irene: What was the, uh, army of Rome?)
(Joe: What are the Roman legions)

gladiators

IreneJoe
Triple Stumper
    $400 26
Wedgwood

Dorothy
    $400 17
corned beef & cabbage

Triple Stumper
    $400 23
chuppah (canopy)

Joe
    $500 14
flippers (webbed feet)

Joe
    $500 8
(Irene: [*]. What? What were [*].)
(Alex: Okay, you remembered in time to phrase it properly.)

September, October, November, & December

Irene
    $500 27
[The end of the round signals.]

Medicis

Dorothy
    $500 18
(Dorothy: What is order a...what is ordering a steak rare?)

frying a hamburger

Dorothy
Triple Stumper
    $500 24
Islam

Irene

Scores at the first commercial break (after clue 8):

Irene Joe Dorothy
$500 $0 $200

Scores at the end of the Jeopardy! Round:

Irene Joe Dorothy
$2,000 $1,300 $1,500

Double Jeopardy! Round responses

NAUTICAL HISTORY
WASHINGTON D.C.
DOUBLE MEANINGS
LITERATURE
SINGING COWBOYS
GIRLS IN SONG
    $200 1
(Joe: What is the United States?)

USSR

JoeDorothy
    $200 6
Smithsonian Institute

Joe
    $200 7
mule

Dorothy
    $200 16
(Alex: Yes, they were good poets, but bad mathematicians.)

Alfred Lord Tennyson

Dorothy
    $200 26
(Irene: Who is Gene Autry?)

Roy Rogers

IreneDorothy
    $200 21
Bess

Dorothy
    $400 2
(Dorothy: Who is Sir Walter Raleigh?)

Sir Francis Drake

IreneDorothy
    $400 9
navy bean soup

Irene
    $400 8
goober

Irene
    $400 17
Dumas

Irene
    $400 27
[The end of the round signals.]

Tex Ritter

Dorothy
    $400 22
Mary

Dorothy
    $600 3
U.S.S. Constitution (Old Ironsides)

Irene
    $600 10
Washington Monument

Irene
    $1,000 13
snowbird

Dorothy
    $600 18
D.H. Lawrence

Triple Stumper
    $600 23
Kathleen

Irene
    $800 4
Coast Guard

Irene
    $800 11
Capitol Building

Irene
    $800 14
(Irene: What is Sin?)
(Alex: Be more specific.)

Cardinal Sin

Irene
    $800 19
Booth Tarkington

Triple Stumper
    $800 24
Gigi

Dorothy
    $1000 5
Captain Cook

Triple Stumper
    $1000 12
Washington Cathedral (Church of St. Peter or National Cathedral)

Dorothy
    $1000 15
maxim

Triple Stumper
    $1000 20
(Alex: We've got a little over a minute to go.)

Gogol

Triple Stumper
    $1000 25
"Sweet Adeline"

Irene

Scores at the end of the Double Jeopardy! Round:

Irene Joe Dorothy
$8,600 $1,300 $5,700

Final Jeopardy! Round responses

TELEVISION
JoeWhat is What's My Line 20 Questions
$1,300
DorothyWhat is What's My Line?
$3,000
IreneWhat was "What's My Line?"
$1,400
What's My Line?

Final scores:

Irene Joe Dorothy
$10,000 $2,600 $8,700
Automatic semifinalist 3rd place: $1,000 if eliminated 2nd place: $1,000 if eliminated

Game dynamics:

Coryat scores:

Irene Joe Dorothy
$8,600 $1,300 $5,300
21 R
(including 2 DDs),
2 W
7 R,
2 W
17 R
(including 1 DD),
2 W

Combined Coryat: $15,200

[game clues] [game scores] [suggest correction]

Game tape date: 1987-02-10
The J! Archive is created by fans, for fans. Scraping, republication, monetization, and malicious use prohibited; this site may use cookies and collect identifying information. See terms. The Jeopardy! game show and all elements thereof, including but not limited to copyright and trademark thereto, are the property of Jeopardy Productions, Inc. and are protected under law. This website is not affiliated with, sponsored by, or operated by Jeopardy Productions, Inc. Join the discussion at JBoard.tv.